000 00322nam a2200133Ia 4500
100 _aRiley/ W.F./ Zachary
942 _cBK
654 _aMechanics of materials
245 _aIntroduction to Mechanics of Materials
260 _bJohn Wiley
_aNew York
_c1989
082 _a620.112
_bPAN
546 _aENGLISH
999 _c18093
_d18093